| 000 | 01203nam a2200349 a 4500 | ||
|---|---|---|---|
| 008 | 140410s2013 ag ||||| |||| 00| 0 spa d | ||
| 020 | _a9781620750100 | ||
| 041 | _aspa | ||
| 092 |
_c617.028 _l17 _sDRI |
||
| 100 | 1 |
_aDries, David _92896 |
|
| 245 |
_aFundamentos de cuidados criticos en soporte inicial / _cDavid Dries |
||
| 250 | _a3a ed. | ||
| 260 |
_aMinnesota: _bSCCM; _c2013. |
||
| 300 | _a123 p. | ||
| 500 | _aDries, D. (2013). Fundamentos de cuidados críticos en soporte inicial. (3a ed.). Minnesota : SCCM. | ||
| 653 | _aPaciente gravemente enfermo | ||
| 653 | _aManejo de la via aerea | ||
| 653 | _aRCP y cerebral | ||
| 653 | _aInsuficiencia respiratoria aguda | ||
| 653 | _aVentilacion mecanica | ||
| 653 | _aBalance oxigeno y estado acido base | ||
| 653 | _aDiagnostico y manejo del choque | ||
| 653 | _aSoporte neurologico | ||
| 653 | _aSoporte en trauma y quemados | ||
| 653 | _aSindromes coronarios agudos | ||
| 653 | _aInfecciones | ||
| 653 | _aTrastornos electroliticos y metabolicos | ||
| 653 | _aCuidados criticos en el embarazo | ||
| 653 | _aEtica en medicina de cuidados criticos | ||
| 653 | _aCuidados criticos en lactantes y niños | ||
| 942 |
_2ddc _cBK |
||
| 999 |
_c2086 _d2086 |
||